| 000 | 00696cam a2200145 4500500 | ||
|---|---|---|---|
| 005 | 20260208010620.0 | ||
| 041 | _afre | ||
| 042 | _adc | ||
| 100 | 1 | 0 |
_aVaysse, Jean-Marie _eauthor |
| 245 | 0 | 0 | _aJ. G. Fichte, Gesamtausgabe, 1, 10, Werke, 1808-1812, hrsg. von R. Lauth, E. Fuchs, H. G. von Mainz, I. Radrizzani, M. Siegel, G. Zöllner, Stuttgart-Bad Cannstatt, Friedrich Frommann Verlag - Günther Holzboog, 2005, 576 p. |
| 260 | _c2007. | ||
| 500 | _a32 | ||
| 786 | 0 | _nRevue philosophique de la France et de l'étranger | 132 | 2 | 2007-06-01 | p. 201zn-265zn | 0035-3833 | |
| 856 | 4 | 1 | _uhttps://shs.cairn.info/revue-philosophique-2007-2-page-201zn?lang=fr&redirect-ssocas=7080 |
| 999 |
_c1657380 _d1657380 |
||